On This Day: September 30th Quiz Stats

 Plays Quiz Updated Sep 30, 2017

Score 0/7 Timer 03:00
0 Plays Today
Question Answer Wrong Answers
The ______ Dam, on the border between Arizona and Nevada, is dedicated.
1935
Hoover
94.6%
Oroville
0.4%
Grand Coulee
2.4%
Glen Canyon
1.6%
Controversial drawings of Muhammad, the principal figure of this religion, are printed in the Danish newspaper ‘Jyllands-Posten’.
2005
Islam
92.9%
Christianity
0.8%
Judaism
1.7%
Taoism
1.1%
This aircraft, among the world's most recognizable, is rolled out and shown to the public for the first time in Everett, Washington.
1968
Boeing 747
88.3%
Airbus A380
2.5%
McDonnell Douglas DC-10
4%
Lockheed L-1011 TriStar
1.8%
This sporting event, which featured the New York Yankees and the Brooklyn Dodgers, is televised for the first time.
1947
World Series
85.2%
Super Bowl
6.9%
MLB All-Star Game
4.6%
NBA Finals
1.1%
This Romanian-American author, Nobel Prize laureate, and Holocaust survivor, known for his work ‘Night’, is born.
1928
Elie Wiesel
81.1%
Jean Wahl
6.7%
Louis Begley
3.9%
Boris Pahor
8.3%
Mexican-American labor leader César Chávez founds the National Farm Workers Association, which later becomes known as this.
1962
United Farm Workers
72.5%
National Farm Workers
7.9%
United Laborers
9.2%
United Farm Union
7.5%
The British protectorate of Bechuanaland in Africa declares its independence, and becomes the Republic of ______. Seretse Khama takes office as the first President.
1966
Botswana
71.9%
Egypt
2.9%
Morocco
5.7%
Senegal
16.1%

You're not logged in!

Compare scores with friends on all Sporcle quizzes.
OR
Log In

You Might Also Like...

Show Comments

Extras

Top Quizzes Today


Score Distribution

Your Account Isn't Verified!

In order to create a playlist on Sporcle, you need to verify the email address you used during registration. Go to your Sporcle Settings to finish the process.

Report this User

Report this user for behavior that violates our Community Guidelines.

Details: